000 00579nam a2200229Ia 4500
003 OSt
005 20220928111536.0
006 a|||||r|||| 00| 0
007 ta
008 220927b |||||||| |||| 00| 0 eng d
024 _a59459
037 _cTextual
040 _aSDCL
_cSDCL
_beng
041 _2eng
_aeng
082 _a500690, J2
100 _aO'Neill Eugene
_9393721
245 0 _aNine plays.
260 _aNew York
_b Modern Library
_c1952
300 _a866p.
_ccm.
942 _h500690, J2
_cTEXL
_2CC
999 _c740753
_d740753